[Event "Dnepropetrovsk Autumn A"]
[Site "Dnepropetrovsk UKR"]
[Date "2012.09.19"]
[Round "4"]
[White "Kalinina,O"]
[Black "Eidelson,R"]
[Result "1/2-1/2"]
[WhiteElo "2259"]
[BlackElo "2184"]

1.e4 c5 2.Ne2 Nc6 3.Nbc3 Nf6 4.d4 cxd4 5.Nxd4 d6 6.f4 g6 7.Nf3 Bg7 8.Bd3 O-O
9.O-O a6 10.a4 Rb8 11.Qe1 b5 12.axb5 axb5 13.Kh1 b4 14.Nd5 e6 15.Ne3 Nh5
16.Nc4 f5 17.e5 dxe5 18.Ncxe5 Nxe5 19.Nxe5 Qd6 20.Bd2 Bb7 21.Nc4 Qd5 22.Qe2 Bc8
23.Ra5 Qd8 24.b3 Nf6 25.Ra7 Ne4 26.Bxe4 fxe4 27.Qxe4 Qd5 28.Qe2 Bd4 29.Ra4 Bd7
30.Ra6 Bc6 31.Rd1 Qe4 32.Re1 Qxe2 33.Rxe2 Bd5 34.h3 h5 35.Be3 Bg7 36.Ra7 h4
37.Kh2 g5 38.g3 hxg3+ 39.Kxg3 Bxc4 40.bxc4 b3 41.cxb3 Rxb3 42.Kg4 Rxe3 43.Rxe3 Bd4
44.Rxe6 Bxa7 45.fxg5 Rc8 46.Re4 Kf7 47.h4 Rc6 48.h5 Bc5 49.Re5 Bf8 50.Rf5+ Kg8
51.Rf4 Rc5 52.Re4 Kf7 53.Rf4+ Kg8 54.Re4 Kf7 55.h6 Be7 56.g6+ Kxg6 57.Rxe7 Rxc4+  1/2-1/2

[Event "TCh-SRB Prem w 2012"]
[Site "Valjevo SRB"]
[Date "2012.09.19"]
[Round "3.2"]
[White "Eric,J"]
[Black "Milanovic,Ma"]
[Result "1-0"]
[WhiteElo "2230"]
[BlackElo "1971"]

1.e4 c5 2.Nc3 Nc6 3.Nf3 g6 4.d4 cxd4 5.Nxd4 Bg7 6.Nb3 Nf6 7.Be2 O-O 8.O-O d6
9.Bg5 Be6 10.Kh1 a5 11.a4 Rc8 12.f3 Nb4 13.Nd4 Bc4 14.Ndb5 Ne8 15.Bxc4 Rxc4
16.Qe2 Rc6 17.Rad1 Nc7 18.Na7 Ra6 19.Be3 b6 20.Nab5 Ne6 21.Nd5 Nxd5 22.exd5 Nc5
23.Nd4 Ra8 24.Nc6 Qc7 25.Bxc5 bxc5 26.Qxe7 Qxe7 27.Nxe7+ Kh8 28.b3 Rfe8 29.Rfe1 Bc3
30.Re4 Kg7 31.Rd3 Bf6 32.Rde3 Bxe7 33.Rxe7 Rxe7 34.Rxe7 Kf8 35.Re4 Re8 36.Rxe8+ Kxe8
37.Kg1 Ke7 38.Kf2 Kf6 39.f4 Kf5 40.Ke3 g5 41.g3 gxf4+ 42.gxf4 Kg4 43.c3 f5
44.b4 cxb4 45.cxb4 axb4 46.a5  1-0

[Event "Vladivostok Russian Cup 2012"]
[Site "Vladivostok RUS"]
[Date "2012.09.19"]
[Round "3.16"]
[White "Diu,V"]
[Black "Musaev,Ra"]
[Result "1/2-1/2"]
[WhiteElo "2486"]
[BlackElo "2239"]

1.e4 c5 2.Nf3 Nc6 3.Nc3 d6 4.d4 cxd4 5.Nxd4 Nf6 6.Bg5 e6 7.Qd2 a6 8.O-O-O Bd7
9.f4 b5 10.Bxf6 gxf6 11.Nxc6 Bxc6 12.Qe3 Qa5 13.Kb1 Be7 14.Bd3 b4 15.Ne2 Qc5
16.Nd4 Bd7 17.Rhe1 a5 18.b3 Rc8 19.Bc4 e5 20.Nf5 Bxf5 21.Qxc5 Rxc5 22.exf5 Rg8
23.g3 Rg4 24.Re4 Kf8 25.Be2 Rg8 26.Rc4 Rxc4 27.Bxc4 exf4 28.gxf4 Rg2 29.Rd5 Rxh2
30.Rxa5 h5 31.a4 bxa3 32.Rxa3 h4 33.Ra8+ Kg7 34.Ra7 Kf8 35.Ra8+ Kg7 36.Re8 Bf8
37.Re3 Rf2 38.Bd5 Rxf4 39.c4 Rxf5 40.b4 Re5 41.Rh3 Rh5 42.b5 Be7 43.b6 Bd8
44.b7 Bc7 45.Kc2 f5 46.Kb3 Kf6 47.Kb4 Rh8 48.Kb5 Bb8 49.Kc6 Ke7 50.Re3+ Kf6
51.Rh3 Ke7 52.Rf3 Kf6  1/2-1/2

[Event "TCh-VIE 2012"]
[Site "Ho Chi Minh City VIE"]
[Date "2012.09.21"]
[Round "2.15"]
[White "Hoang Canh Huan"]
[Black "Le,Cong Cuong"]
[Result "1-0"]
[WhiteElo "2395"]
[BlackElo "2130"]

1.e4 c5 2.Nc3 Nc6 3.Bb5 g6 4.Bxc6 dxc6 5.d3 Bg7 6.Nf3 Bg4 7.h3 Bxf3 8.Qxf3 Nf6
9.Be3 Nd7 10.g4 b6 11.Qg3 Qb8 12.f4 Qc7 13.h4 h5 14.g5 O-O-O 15.Qh3 Kb7 16.e5 Nf8
17.Ne4 Ne6 18.a3 Rhf8 19.b4 c4 20.Rd1 cxd3 21.cxd3 Bh8 22.O-O Ng7 23.b5 cxb5
24.Qf3 Kb8 25.d4 Qb7 26.d5 Nf5 27.Nc3 a6 28.Bf2 Rd7 29.Rb1 e6 30.a4 exd5
31.Nxb5 d4 32.Qd3 Rfd8 33.a5 Ne3 34.Bxe3 dxe3 35.Nd6 Rxd6 36.exd6 b5 37.Qxe3 Rxd6
38.Qe8+ Qc8 39.Qxc8+ Kxc8 40.Rbc1+ Kd7 41.f5 b4 42.f6  1-0

[Event "Vladivostok Russian Cup 2012"]
[Site "Vladivostok RUS"]
[Date "2012.09.21"]
[Round "5.7"]
[White "Inarkiev,E"]
[Black "Yakovich,Yur"]
[Result "1-0"]
[WhiteElo "2683"]
[BlackElo "2525"]

1.e4 c5 2.Nf3 Nc6 3.Nc3 g6 4.d4 cxd4 5.Nxd4 Bg7 6.Be3 Nf6 7.Bc4 O-O 8.Bb3 d6
9.f3 Bd7 10.h4 h5 11.Qd2 Rc8 12.O-O-O Ne5 13.Bh6 Nc4 14.Bxc4 Rxc4 15.Bxg7 Kxg7
16.g4 hxg4 17.h5 Rh8 18.hxg6 fxg6 19.f4 e5 20.Nde2 Rxh1 21.Rxh1 Nxe4 22.Nxe4 Rxe4
23.fxe5 Rxe2 24.Qxe2 Qg5+ 25.Kb1 Qxe5 26.Qd2 Bc6 27.Qh6+ Kf6 28.Rg1 Bf3 29.Qf8+ Ke6
30.a4 a6 31.b3 Qe2 32.Kb2 Qe5+ 33.Ka2 Qe2 34.Re1  1-0

[Event "DYTM KL Open 2012"]
[Site "Kuala Lumpur MAS"]
[Date "2012.09.22"]
[Round "7.1"]
[White "Tiviakov,S"]
[Black "Azarya,J"]
[Result "1-0"]
[WhiteElo "2674"]
[BlackElo "1928"]

1.e4 c5 2.Nc3 Nc6 3.Bb5 g6 4.Bxc6 dxc6 5.f4 Bg7 6.Nf3 Nf6 7.d3 O-O 8.O-O Ne8
9.Be3 b6 10.Qe1 f5 11.Rd1 Nc7 12.d4 c4 13.d5 fxe4 14.dxc6 Qe8 15.Nxe4 Qxc6
16.Bd4 Rxf4 17.Neg5 Bxd4+ 18.Nxd4 Rxf1+ 19.Qxf1 Qd5 20.Nde6 Bxe6 21.Rxd5 Bxd5
22.Qf4 Rc8 23.Qh4 h5 24.Qf4 Ne8 25.Qe5  1-0

[Event "3rd Konig Memorial"]
[Site "San Francisco USA"]
[Date "2012.09.23"]
[Round "5"]
[White "Naroditsky,D"]
[Black "Anka,E"]
[Result "0-1"]
[WhiteElo "2483"]
[BlackElo "2382"]

1.e4 c5 2.Nc3 Nc6 3.Nf3 g6 4.d4 cxd4 5.Nxd4 Bg7 6.Be3 Nf6 7.Bc4 O-O 8.Bb3 d6
9.h3 Bd7 10.O-O Rc8 11.f4 a6 12.Nf3 Na5 13.e5 Nh5 14.Qe1 Bh6 15.Nd2 Nxb3
16.axb3 dxe5 17.fxe5 Bxe3+ 18.Qxe3 Ng7 19.Nde4 Bc6 20.Ng5 f6 21.Nge4 Nf5
22.Rxf5 gxf5 23.Nc5 Qb6 24.b4 Kh8 25.Rf1 Rg8 26.Rf2 Qxb4 27.Nd3 Qh4 28.Ne2 Qg5
29.Nef4 Be4 30.exf6 Qxf6 31.Nh5 Qd6 32.g4 Bxd3 33.cxd3 fxg4 34.h4 g3 35.Rf5 g2
36.Nf4 Rc1+  0-1

[Event "21st TCh-CRO w 2012"]
[Site "Sibenik CRO"]
[Date "2012.09.23"]
[Round "1.31"]
[White "Krivec,J"]
[Black "Hlavac,I"]
[Result "1-0"]
[WhiteElo "2240"]
[BlackElo "1931"]

1.e4 c5 2.Nc3 Nc6 3.Bb5 e6 4.Bxc6 bxc6 5.d3 Nf6 6.Nf3 Be7 7.O-O O-O 8.Na4 h6
9.b3 d5 10.Qe2 Nd7 11.Ba3 Ba6 12.c4 Re8 13.Rac1 Qa5 14.Qe1 Qc7 15.e5 Rac8
16.Qe3 Qa5 17.Rc2 Nb6 18.Nxb6 axb6 19.Bc1 b5 20.Bd2 Qc7 21.Qf4 bxc4 22.dxc4 dxc4
23.bxc4 Rb8 24.Qg4 Kh7 25.Qh5 f6 26.exf6 g6 27.Qxc5 Red8 28.Ba5  1-0

[Event "TCh-SUI National A 2012"]
[Site "Switzerland SUI"]
[Date "2012.09.23"]
[Round "7.3"]
[White "Kurmann,O"]
[Black "Miralles,G"]
[Result "1/2-1/2"]
[WhiteElo "2458"]
[BlackElo "2471"]

1.e4 c5 2.Nf3 Nc6 3.Nc3 Nf6 4.Bb5 Nd4 5.e5 Nxb5 6.Nxb5 Nd5 7.Ng5 f5 8.O-O a6
9.Nc3 Nxc3 10.bxc3 e6 11.d4 Be7 12.Qh5+ g6 13.Qh6 Bf8 14.Qh3 Be7 15.Qh6 Bf8
16.Qh3 Be7 17.Qh6  1/2-1/2

[Event "TCh-SUI National A 2012"]
[Site "Switzerland SUI"]
[Date "2012.09.23"]
[Round "7.5"]
[White "Hort,V"]
[Black "Buss,Ra"]
[Result "1/2-1/2"]
[WhiteElo "2476"]
[BlackElo "2408"]

1.e4 c5 2.Nc3 Nc6 3.Nge2 g6 4.d4 cxd4 5.Nxd4 Bg7 6.Be3 Nf6 7.Be2 d6 8.O-O O-O
9.Nb3 Be6 10.Qd2 Rc8 11.Rad1 a6 12.f3 Re8 13.Qe1 Ne5 14.Bd4 Nc4 15.Bxc4 Rxc4
16.Qf2 b5 17.Rd2 Qc7 18.Bb6 Qb8 19.Na5 Rcc8 20.Ba7 Qc7 21.Bb6 Qb8 22.Ba7 Qa8
23.Rfd1 Nd7 24.Bd4 Ne5 25.a3 Nc4 26.Nxc4 Rxc4 27.Bxg7 Kxg7 28.Rd4 Qa7 29.Rxc4 Qxf2+
30.Kxf2 Bxc4 31.Nd5  1/2-1/2

[Event "Tatry Open 2012"]
[Site "Tatranske Zruby SVK"]
[Date "2012.09.23"]
[Round "1.15"]
[White "Janos,I"]
[Black "Jasny,S"]
[Result "1/2-1/2"]
[WhiteElo "2145"]
[BlackElo "2296"]

1.e4 c5 2.Nf3 Nc6 3.Nc3 d6 4.d4 cxd4 5.Nxd4 Nf6 6.Bg5 e6 7.Qd2 a6 8.O-O-O Bd7
9.Nb3 Qc7 10.f3 h6 11.Be3 b5 12.Kb1 Ne5 13.f4 Neg4 14.Bd4 b4 15.Nd5 exd5
16.exd5 Be7 17.h3 O-O 18.hxg4 Bxg4 19.Re1 a5 20.Nc1 Qb7 21.Bc4 Rfc8 22.b3 a4
23.Bb2 Bf5 24.Nd3 axb3 25.axb3 Rc7 26.Nxb4 Ne4 27.Rxe4 Bxe4 28.Nc6 Bf6 29.Bxf6 gxf6
30.Qd4 Bh7 31.Rxh6 Rxc6 32.dxc6 Qe7 33.Rh1 d5 34.Bxd5 Bxc2+ 35.Kxc2 Qe2+
36.Kc3 Ra2 37.Bxf7+ Kg7 38.Bc4 Qb2+ 39.Kd3 Qe2+ 40.Kc3 Qb2+ 41.Kd3 Qe2+  1/2-1/2

[Event "Tatry Open 2012"]
[Site "Tatranske Zruby SVK"]
[Date "2012.09.23"]
[Round "1.31"]
[White "Giertli,V"]
[Black "Volodin,V"]
[Result "1-0"]
[WhiteElo "2080"]
[BlackElo "2209"]

1.e4 c5 2.Nf3 Nc6 3.Nc3 e5 4.Bc4 Be7 5.d3 Nf6 6.Bg5 O-O 7.O-O d6 8.h3 Be6
9.b3 Qd7 10.Nh2 Nd4 11.Bxf6 Bxf6 12.a4 Bg5 13.Nd5 Kh8 14.c3 Nc6 15.Qh5 Bd2
16.Ra2 Bh6 17.Ng4 Bxg4 18.hxg4 f6 19.g3 Qe8 20.Qh3 Qg6 21.a5 a6 22.f4 Rae8
23.Ne3 Rd8 24.Nf5 Qe8 25.Rh2 Ne7 26.Nxg7 Qg6 27.Ne6  1-0

[Event "Vladivostok Russian Cup 2012"]
[Site "Vladivostok RUS"]
[Date "2012.09.24"]
[Round "8.8"]
[White "Belozerov,A"]
[Black "Belous,V"]
[Result "1-0"]
[WhiteElo "2506"]
[BlackElo "2551"]

1.e4 c5 2.Nf3 Nc6 3.Nc3 g6 4.d4 cxd4 5.Nxd4 Bg7 6.Be3 Nf6 7.Bc4 Qa5 8.O-O O-O
9.Nb3 Qd8 10.f4 d6 11.Be2 b6 12.Bf3 Bb7 13.Qd2 Qc8 14.h3 Nd7 15.Rad1 Nc5
16.Rfe1 Nb4 17.Nxc5 bxc5 18.Nd5 Nc6 19.e5 Re8 20.exd6 exd6 21.c3 Kh8 22.Bf2 Qd7
23.Bh4 Re6 24.Rxe6 fxe6 25.Nf6 Qe7 26.Qxd6 Rd8 27.Qxe7 Rxd1+ 28.Bxd1 Nxe7
29.Nd7 Nf5 30.Bf2 Bd5 31.Bxc5 Bxa2 32.g4 Nh4 33.Bxa7 g5 34.fxg5 Ng6 35.Bb8 Bb1
36.Kf2 Kg8 37.Nf6+ Kf7 38.Bf3 h6 39.Ne4 Ba2 40.gxh6  1-0

[Event "1st Simon Bolivar Open 2012"]
[Site "San Cristobal VEN"]
[Date "2012.09.25"]
[Round "1.20"]
[White "Guerrero,An"]
[Black "Escobar Forero,A"]
[Result "0-1"]
[WhiteElo "2196"]
[BlackElo "2460"]

1.e4 c5 2.Nf3 Nc6 3.Nc3 d6 4.d4 cxd4 5.Nxd4 Nf6 6.Be2 e5 7.Nb3 Be7 8.O-O O-O
9.Kh1 a6 10.Be3 b5 11.a4 b4 12.Nd5 Rb8 13.Bc4 Nxe4 14.Qf3 Nf6 15.a5 Bb7 16.Bb6 Qc8
17.c3 bxc3 18.Rac1 Nxd5 19.Bxd5 Nb4 20.Be4 c2 21.Na1 Bg5 22.Nxc2 Bxc1 23.Nxb4 Qc4  0-1

[Event "TCh-Moscow 2012"]
[Site "Moscow RUS"]
[Date "2012.09.26"]
[Round "2.4"]
[White "Vakhlamov,I"]
[Black "Kovalevskaya,E"]
[Result "1/2-1/2"]
[WhiteElo "2346"]
[BlackElo "2405"]

1.e4 c5 2.Nf3 Nc6 3.Nc3 e5 4.Bc4 Be7 5.d3 d6 6.O-O Nf6 7.Ng5 O-O 8.f4 Bg4
9.Nf3 Nd4 10.Kh1 Nh5 11.fxe5 dxe5 12.Nd5 Bh4 13.Be3 b5 14.Bxd4 exd4 15.Bxb5 f5
16.Qd2 fxe4 17.dxe4 Bxf3 18.Rxf3 Rxf3 19.gxf3 Bg5 20.Qg2 Nf4 21.Qg4 Nxd5
22.Bc4 Kh8 23.Bxd5 Rb8 24.Rg1 Bh6 25.b3 Qf6 26.Qf5 Qd6 27.Bc4 Bf4 28.Rg4 Rf8
29.Qh5 Qf6 30.Rh4 h6 31.Rg4 Be3 32.Rg6 Qf4 33.Qg4 Qxg4 34.fxg4 Rf6 35.Rxf6 gxf6
36.Kg2 Kg7 37.Kf3 Bg1 38.Kg3 Be3 39.Be6 Kf8 40.Kf3 Ke7 41.Bf5 Bg1 42.h3 Bh2
43.Ke2 Kd6 44.Kd3 Bg3 45.Kc4 a5 46.Kb5 Be1 47.a3 Bc3 48.e5+ fxe5 49.Be4 Bb2
50.Ka4 Ke7 51.h4 Kf6 52.Kxa5  1/2-1/2

[Event "TCh-SRB Prem 2012"]
[Site "Valjevo SRB"]
[Date "2012.09.26"]
[Round "10.5"]
[White "Nadj Hedjesi,B"]
[Black "Barlov,D"]
[Result "1/2-1/2"]
[WhiteElo "2376"]
[BlackElo "2456"]

1.e4 c5 2.Nc3 Nc6 3.Bb5 Nd4 4.Bc4 e6 5.Nf3 Nc6 6.O-O a6 7.Re1 d6 8.d4 cxd4
9.Nxd4 Qc7 10.Bb3 Nf6 11.Bg5 Be7  1/2-1/2

[Event "21st TCh-CRO 1a 2012"]
[Site "Sibenik CRO"]
[Date "2012.09.29"]
[Round "7.44"]
[White "Krstic,U"]
[Black "Kurajica,B"]
[Result "1/2-1/2"]
[WhiteElo "2466"]
[BlackElo "2556"]

1.e4 c5 2.Nf3 Nc6 3.Nc3 Qb6 4.g3 e6 5.Bg2 Nge7 6.O-O Ng6 7.b3 h5 8.Bb2 h4
9.Na4 Qc7 10.c4 hxg3 11.hxg3 e5 12.Nc3 d6 13.Nd5 Qd8 14.d3 f5 15.exf5 Bxf5
16.Ne3 Be6 17.Nd2 Qg5 18.Re1 Be7 19.Ndf1 Kf7 20.Bd5 Nf4 21.Qf3 Bf6 22.Bxe6+ Kxe6
23.Nd5 Nh3+ 24.Kg2 Raf8 25.Nfe3 Rh4 26.Qf5+ Qxf5 27.Nxf5 Rh7 28.Nfe3 Bd8
29.Ng4 Kf5 30.f3 Kg6 31.Rh1 Ng5 32.f4 Rxh1 33.Rxh1 exf4 34.Nxf4+ Kf7 35.Rf1 Kg8
36.Re1 Kf7 37.Rf1 Kg8 38.Re1 Kf7 39.Rf1  1/2-1/2

[Event "Oslo GM Open 2012"]
[Site "Oslo NOR"]
[Date "2012.09.30"]
[Round "7.10"]
[White "Solodovnichenko,Y"]
[Black "Tari,A"]
[Result "1/2-1/2"]
[WhiteElo "2602"]
[BlackElo "2285"]

1.e4 c5 2.Nc3 Nc6 3.Nge2 g6 4.d4 cxd4 5.Nxd4 Bg7 6.Be3 Nf6 7.Bc4 O-O 8.Bb3 a5
9.O-O a4 10.Nxa4 Nxe4 11.Nb5 d5 12.Bb6 Qd7 13.Qe2 Ne5 14.Rfd1 e6 15.Bd4 Ra5
16.Nbc3 b5 17.Nb6 Qe7 18.Nxc8 Rxc8 19.Nxe4 dxe4 20.Qxe4 b4 21.c3 h5 22.h3 Nc6
23.Bxg7 Kxg7 24.cxb4 Qxb4 25.Qxb4 Nxb4 26.Rac1 Rb8 27.Rc7 Nd5 28.Rc4 Nb4
29.Rc7 Nd5 30.Rd7 Rb6 31.Rd3 Nf6 32.Rc7 Nd5 33.Bxd5 exd5 34.a3 Ra8 35.b4 d4
36.h4 Ra4 37.Rd7 Rba6 38.Rf3 Rf6 39.Rb3 Rfa6 40.Rxd4 Rxa3 41.Rdd3 Ra2 42.b5 Rb6
43.Rd1 Ra5 44.Rdb1 Ra4 45.Rb4 Ra2 46.f3 Rd2 47.R1b2 Rd5 48.Kf2 f5 49.Ke3 Kh6
50.Kf4 Rc5 51.g4 fxg4 52.fxg4 hxg4 53.Kxg4 Rf5 54.R4b3 Kg7 55.Rb1 Kh6 56.h5 Rxh5
57.Kf4 Rc5 58.Ke4 g5 59.Kd4 Rf5 60.Kc4 g4 61.Ra3 Kg5 62.Ra6 Rf4+ 63.Kc5 Rxa6
64.bxa6 Ra4  1/2-1/2

[Event "Tatry Open 2012"]
[Site "Tatranske Zruby SVK"]
[Date "2012.09.30"]
[Round "9.52"]
[White "Partys,P"]
[Black "Smehlik,J"]
[Result "1-0"]
[WhiteElo "2027"]
[BlackElo "1924"]

1.e4 c5 2.Nc3 Nc6 3.Bb5 a6 4.Bxc6 bxc6 5.f4 d6 6.Nf3 Nf6 7.O-O e6 8.d3 Be7
9.e5 Nd5 10.Ne4 O-O 11.b3 a5 12.a4 Qc7 13.Qe2 Ba6 14.g3 Rad8 15.Bb2 Qb6 16.exd6 Bxd6
17.Nxd6 Rxd6 18.Qe5  1-0

[Event "TCh-Belgrade Premier 2012"]
[Site "Belgrade SRB"]
[Date "2012.10.01"]
[Round "1.5"]
[White "Petrovic,Igor R"]
[Black "Milic,D"]
[Result "1-0"]
[WhiteElo "2066"]
[BlackElo "2098"]

1.e4 c5 2.Nc3 Nc6 3.Nf3 d6 4.Bb5 Bd7 5.d4 cxd4 6.Nxd4 a6 7.Nxc6 bxc6 8.Bc4 e6
9.Qe2 Qb6 10.O-O Be7 11.Be3 c5 12.Rab1 Qa5 13.f4 Bb5 14.Nxb5 axb5 15.Bxb5+ Kf8
16.Bc4 Nf6 17.Bd2 Qc7 18.Bc3 Nd7 19.f5 exf5 20.Rxf5 Bf6 21.Bxf6 Nxf6 22.Qf3 Re8
23.Rf1 Re7 24.a4 Qb7 25.Kh1 Qxe4 26.Qc3 d5 27.Bd3 Qb4 28.Qxb4 cxb4 29.b3 Ke8
30.R5f4 Ne4 31.Bxe4 dxe4 32.Re1 f5 33.Rxf5 Rf8 34.Rb5 e3 35.Rxb4 Rf2 36.Rc4 e2
37.Kg1 Rf5 38.Rd4 Re6 39.Rd2 Rfe5 40.b4 Re4 41.c3 Kf7 42.a5 Kg6 43.b5 R6e5
44.Rb2  1-0

[Event "30th Balaton Open"]
[Site "Heviz HUN"]
[Date "2012.10.01"]
[Round "9.10"]
[White "Boguszlavszkij,J"]
[Black "Kosztolanczi,G"]
[Result "0-1"]
[WhiteElo "2224"]
[BlackElo "2130"]

1.e4 c5 2.Nc3 Nc6 3.Nge2 d6 4.g3 g6 5.d4 Bg4 6.Qd3 Nb4 7.Qd2 Bf3 8.Rg1 Bh6
9.Qd1 cxd4 10.Bxh6 Nxh6 11.a3 Nc6 12.Qd3 dxc3 13.Qxf3 cxb2 14.Rb1 Ne5 15.Qb3 Qa5+
16.Kd1 Nhg4 17.Rg2 Qc5 18.Qa4+ b5 19.Qd4 Qxa3 20.Rxb2 Qa1+ 21.Nc1 O-O 22.Qb4 a5
23.Qxb5 Rab8 24.Qxb8 Rxb8 25.Rxb8+ Kg7 26.h3 Qd4+ 27.Nd3 Nf6 28.Kc1 Qxe4
29.Rg1 Nd5 30.Rb3 a4 31.Ra3 Nb4 32.Kb1 Qc4 33.Nxb4 Qxb4+ 34.Ka2 Qe1 35.f4 Nc4
36.Rxa4 Nd2 37.f5 Nxf1 38.fxg6 hxg6 39.h4 Qf2  0-1

[Event "TCh-Central SRB 2012"]
[Site "Vrnjacka Banja SRB"]
[Date "2012.10.01"]
[Round "4.3"]
[White "Stojanovski,D"]
[Black "Pavlovic,Dej"]
[Result "1-0"]
[WhiteElo "2435"]
[BlackElo "2406"]

1.e4 c5 2.Nc3 Nc6 3.Bb5 Nd4 4.Ba4 g6 5.Nf3 Bg7 6.O-O Nh6 7.Nxd4 cxd4 8.Ne2 O-O
9.Bb3 d6 10.d3 Qb6 11.Nf4 Kh8 12.f3 Qd8 13.Qe1 e5 14.Nd5 f5 15.c3 dxc3 16.Qxc3 Bd7
17.Qc7 Qxc7 18.Nxc7 Rac8 19.Nd5 f4 20.Kf2 Bc6 21.Bd2 Bxd5 22.Bxd5 Rc2 23.Ke2 Bf6
24.Rab1 Rc7 25.Rfe1 Rd7 26.Bb4 Kg7  1-0

[Event "TCh-Central SRB 2012"]
[Site "Vrnjacka Banja SRB"]
[Date "2012.10.02"]
[Round "5.2"]
[White "Zivkovic,Sava"]
[Black "Tadic,Br"]
[Result "1/2-1/2"]
[WhiteElo "2351"]
[BlackElo "2525"]

1.e4 c5 2.Nf3 Nc6 3.Nc3 e5 4.Bc4 Be7 5.d3 Nf6 6.O-O O-O 7.Bg5 d6 8.h3 a6
9.a4 Rb8 10.Bxf6 Bxf6 11.Nd5 Bg5 12.Nxg5 Qxg5 13.Qc1 Qxc1 14.Rfxc1 b5 15.axb5 axb5
16.Ba2 Be6 17.c3 Rfc8 18.Ne3 Kf8 19.Bd5 Bxd5 20.Nxd5  1/2-1/2

[Event "TCh-Belgrade Premier 2012"]
[Site "Belgrade SRB"]
[Date "2012.10.03"]
[Round "3.4"]
[White "Dobrijevic,M"]
[Black "Dimic,P"]
[Result "1/2-1/2"]
[WhiteElo "2226"]
[BlackElo "2185"]

1.e4 c5 2.Nc3 Nc6 3.Bb5 Nd4 4.Nf3 a6 5.Bd3 e6 6.O-O Ne7 7.b3 Nec6 8.Re1 Nxf3+
9.Qxf3 Bd6 10.Qh3 Ne5 11.Bf1 Ng6 12.Bb2 O-O 13.g3 Qc7 14.f4 f6 15.Bd3 Be7
16.Qh5 b5 17.e5 f5 18.Be2 Bb7 19.Bf3 c4 20.Kg2 Bc5 21.Bxb7 Qxb7+ 22.Qf3 Qc7
23.Ne2 Ne7 24.a4 Rab8 25.axb5 axb5 26.Bd4 Bxd4 27.Nxd4 Qc5 28.c3 Nd5 29.Ra5 cxb3
30.Nxb3 Qc4 31.Rb1 Rfc8 32.Nd4 b4 33.Nxf5 bxc3 34.Rxb8 Rxb8 35.dxc3 Qxc3
36.Qxc3 Nxc3 37.Nd6 Kf8 38.Rc5  1/2-1/2

[Event "TCh-Belgrade Premier 2012"]
[Site "Belgrade SRB"]
[Date "2012.10.04"]
[Round "4.1"]
[White "Petrovic,Igor R"]
[Black "Dimic,P"]
[Result "0-1"]
[WhiteElo "2066"]
[BlackElo "2185"]

1.e4 c5 2.Nc3 Nc6 3.Nf3 d6 4.Bb5 Bd7 5.d4 cxd4 6.Nxd4 Nf6 7.O-O g6 8.Be3 Bg7
9.h3 O-O 10.Qd2 a6 11.Nxc6 Bxc6 12.Bxc6 bxc6 13.Bh6 Rb8 14.Bxg7 Kxg7 15.b3 Qa5
16.f4 Qc5+ 17.Kh1 Rfd8 18.f5 Qe5 19.Rae1 Rb4 20.a3 Rbb8 21.Qd3 a5 22.Re3 Qc5
23.Qe2 Nd7 24.Qf2 Rf8 25.e5 dxe5 26.Ne4 Qxa3 27.Qh4 Qb4 28.c3 Qb5 29.c4 Qb6
30.Rg3 Qd4 31.Rg4 Qd3 32.Rf3 Qd1+ 33.Kh2 Nf6 34.fxg6 fxg6 35.Ng5 Nxg4+ 36.Qxg4 Rxf3  0-1

[Event "TCh-SWE Elite 2012-13"]
[Site "Malmo SWE"]
[Date "2012.10.05"]
[Round "1"]
[White "Hector,J"]
[Black "Bejtovic,J"]
[Result "1-0"]
[WhiteElo "2539"]
[BlackElo "2387"]

1.e4 c5 2.Nf3 Nc6 3.Nc3 g6 4.Bc4 Bg7 5.O-O d6 6.d3 Nf6 7.a3 O-O 8.Ba2 Rb8
9.h3 b5 10.Be3 Nd7 11.d4 cxd4 12.Nxd4 Nxd4 13.Bxd4 Bxd4 14.Qxd4 a5 15.b4 axb4
16.axb4 Bb7 17.Rfe1 Bc6 18.Bb3 Qc7 19.Re3 Nf6 20.Ra5 e5 21.Qd2 Kg7 22.Qe2 Qb7
23.Ra1 Rfd8 24.Rf1 Qa7 25.Rd3 Rb7 26.Rfd1 Rbd7 27.Bd5 Bxd5 28.Nxd5 Nxd5 29.Rxd5 Qa4
30.c3 Qb3 31.Qd3 Rc7 32.Qxb5 Qxc3 33.Kh2 Qc4 34.Qa5 Rcd7 35.f3 Qc3 36.R5d3 Qc6
37.b5 Qc5 38.Rd5 Qe3 39.b6 Rb7 40.Rb1 Qf4+ 41.Kh1 Rc8 42.Qa6 Rbb8 43.Rxd6 Rc2
44.b7 Qg5 45.Qf1 h5 46.Rdb6 Qd2 47.R6b5 h4 48.Qg1 Kh7 49.Rd1 Qg5 50.Qh2 f6
51.Qg1 Kh6 52.Rb3 Kh5 53.Rdb1 Qd2 54.Qf1 Kh6 55.Qg1 Kh5 56.Rb5 Kh6 57.Qf1 Kg7
58.Rb6 g5 59.Rd1 Qe3 60.Rd7+ Kh8 61.Rxf6 Rc1 62.Rd1 Rxd1 63.Qxd1 Kg7 64.Rf5 Rxb7
65.Kh2 Re7 66.Qd6 Qa7  1-0

[Event "TCh-Central SRB 2012"]
[Site "Vrnjacka Banja SRB"]
[Date "2012.10.05"]
[Round "9.4"]
[White "Marinkovic,I"]
[Black "Tadic,Br"]
[Result "1/2-1/2"]
[WhiteElo "2443"]
[BlackElo "2525"]

1.e4 c5 2.Nc3 Nc6 3.Nge2 e5 4.Nd5 Nge7 5.Nec3 d6 6.Bc4 Nxd5 7.Nxd5 Be7 8.d3 O-O
9.a4 Bg5 10.O-O Be6 11.Bxg5  1/2-1/2

[Event "Frau Bundesliga Div1 2012-13"]
[Site "Germany GER"]
[Date "2012.10.06"]
[Round "1.3"]
[White "Goihl,M"]
[Black "Sikorska,A1"]
[Result "0-1"]
[WhiteElo "2095"]
[BlackElo "2110"]

1.e4 c5 2.Nc3 Nc6 3.Bb5 e6 4.f4 d5 5.d3 Ne7 6.exd5 exd5 7.Nf3 g6 8.O-O Bg7
9.Qe1 O-O 10.Bxc6 Nxc6 11.Kh1 Re8 12.Qf2 b6 13.Ne2 Nb4 14.Ng3 f5 15.a3 Nc6
16.Ne2 Bb7 17.Re1 Qf6 18.Nc3 Nd4 19.Nxd4 Rxe1+ 20.Qxe1 cxd4 21.Nb5 Qc6 22.a4 Re8
23.Qg1 Re2 24.b3 a6 25.Na3 Qc3  0-1

[Event "TCh-CHN 2012"]
[Site "Hangzhou CHN"]
[Date "2012.10.06"]
[Round "15"]
[White "Sun Xinyue"]
[Black "Munguntuul,B"]
[Result "1/2-1/2"]
[WhiteElo "2028"]
[BlackElo "2451"]

1.e4 c5 2.Nf3 Nc6 3.Nc3 e5 4.Bc4 Be7 5.Nd5 Nf6 6.d3 O-O 7.O-O d6 8.Nxe7+ Nxe7
9.Bg5 Ng6 10.Nh4 Nxh4 11.Bxh4 h6 12.Bxf6 Qxf6 13.Qd2 Be6 14.Qc3 Qg5 15.Kh1 Rab8
16.Qa5 a6 17.Rad1 Rbd8 18.Qb6 Rd7 19.Rfe1 Qf4 20.Kg1 Kh7 21.c3 Bxc4 22.dxc4 f5
23.f3 Rf6 24.Qb3 fxe4 25.Rxe4 Qf5 26.a4 Rg6 27.Kh1 Rf7 28.Qc2 Kg8 29.Qd3 h5
30.Re2 Qxd3 31.Rxd3 Rf4 32.b3 h4 33.Kg1 Kf8 34.Kf2 Ke7 35.g3 hxg3+ 36.hxg3 Rf8
37.Kg2 a5 38.Re4 Ke6 39.Rd5 Rf5 40.Rh4 Rfg5 41.g4 Rf5 42.Rh8 Rf7 43.Re8+ Re7
44.Rd8 Rd7 45.Re8+ Re7 46.Rd8 Rd7  1/2-1/2

[Event "TCh-ROU League A 2012"]
[Site "Olanesti ROU"]
[Date "2012.10.06"]
[Round "1.3"]
[White "Thesing,M"]
[Black "Popescu,M"]
[Result "1/2-1/2"]
[WhiteElo "2399"]
[BlackElo "2107"]

1.e4 c5 2.Nc3 Nc6 3.Bb5 g6 4.Bxc6 dxc6 5.d3 Bg7 6.Be3 b6 7.Qd2 e5 8.f4 Nf6
9.fxe5 Ng4 10.Bg5 Qc7 11.O-O-O Be6 12.Nf3 Nxe5 13.Rdf1 h6 14.Bh4 g5 15.Bg3 Nxf3
16.gxf3 Be5 17.Bxe5 Qxe5 18.f4 gxf4 19.Qxf4 Qxf4+ 20.Rxf4 Rd8 21.b3 Rg8 22.Re1 Ke7
23.Rh4 Rg6 24.Ne2 b5 25.Ng3 c4 26.bxc4 bxc4 27.d4 Kf8 28.c3 c5 29.d5 Bg4
30.Rf1 Rb8 31.Rf2 h5 32.Nxh5 Bxh5 33.Rxh5 Rg1+ 34.Kd2 Rb2+ 35.Ke3 Re1+ 36.Kf3 Rxf2+
37.Kxf2 Rxe4 38.d6 Ke8 39.Rxc5 Kd7 40.Rc7+ Kxd6 41.Rxf7 a5 42.Rf6+ Ke5 43.Rf8 Kd6
44.Rd8+ Kc5 45.Rd1 Rh4 46.Kg3 Re4 47.Rf1 Kb5 48.Rc1 Re2 49.h4 Rxa2 50.h5 Re2
51.Rh1 Ka4 52.h6 Re8 53.Rb1 Re6 54.h7 Rh6 55.Rb7 Ka3 56.Kg4 a4 57.Kf5 Ka2
58.Ke4 a3 59.Kd5 Rh4 60.Kc5 Ka1 61.Kd5 Ka2  1/2-1/2

[Event "TCh-AUT 2 West 2012-13"]
[Site "Salzburg AUT"]
[Date "2012.10.06"]
[Round "2.3"]
[White "Harringer,F"]
[Black "Hanel,R"]
[Result "1/2-1/2"]
[WhiteElo "2236"]
[BlackElo "2286"]

1.e4 c5 2.Nc3 Nc6 3.Nge2 Nf6 4.d4 cxd4 5.Nxd4 e5 6.Ndb5 d6 7.Bg5 a6 8.Na3 b5
9.Nd5 Be7 10.Bxf6 Bxf6 11.c4 b4 12.Nc2 O-O 13.Ncxb4 Nxb4 14.Nxb4 Bg5 15.Be2 Qb6
16.Nd5 Qxb2 17.O-O Ra7 18.Qd3 f5 19.Rfb1 Qd2 20.Qxd2 Bxd2 21.exf5 Bxf5 22.Rb6 Rd8
23.Rd1 Ba5 24.Rc6 Bc2 25.c5 Bxd1 26.Bxd1 dxc5 27.Rxc5 Bb6 28.Rc6 Bd4 29.Bb3 Kf8
30.Nc7 Ke7 31.Nd5+ Kd7 32.Ba4 Rda8 33.Rf6+ Kc8 34.Rf8+ Kb7 35.Rf7+  1/2-1/2

[Event "TCh-AUT 2 East 2012-13"]
[Site "Austria AUT"]
[Date "2012.10.07"]
[Round "2.3"]
[White "Weinzettl,E"]
[Black "Wolfram,B"]
[Result "1/2-1/2"]
[WhiteElo "2257"]
[BlackElo "2234"]

1.e4 c5 2.Nc3 Nc6 3.Bb5 Nd4 4.Nf3 e6 5.O-O a6 6.Bd3 Nc6 7.Be2 g5 8.Ne1 Nge7
9.Bh5 Ng6 10.d3 Bd6 11.g3 Rg8 12.Ng2 Qf6 13.Kh1 b5 14.f4 gxf4 15.Nxf4 Qg7
16.Ng2 Nge5 17.Bf4 Bb7 18.Qd2 Bf8 19.a4 b4 20.Nd1 O-O-O 21.Nde3 d5 22.exd5 exd5
23.Nf5 Qf6 24.Nh6 Bxh6 25.Bxh6 Qe6 26.Bg5 Rd6 27.Rae1 Qd7 28.Kg1 d4 29.Bf6 Re6
30.Re4 Qd6 31.Qf4 Ng6 32.Qxd6 Rxd6 33.Rf5 Kc7 34.Bg5 Kb6 35.Bd2 f6 36.Re1 Nce7
37.Bxg6 hxg6 38.a5+ Kb5 39.Rxe7 Bxg2 40.Rf2 Bd5  1/2-1/2

[Event "TCh-ROU League A 2012"]
[Site "Olanesti ROU"]
[Date "2012.10.07"]
[Round "2.3"]
[White "Daianu,C"]
[Black "Popescu,M"]
[Result "1-0"]
[WhiteElo "2288"]
[BlackElo "2107"]

1.e4 c5 2.Nf3 Nc6 3.Nc3 g6 4.d4 cxd4 5.Nxd4 Bg7 6.Be3 Nf6 7.Bc4 O-O 8.Bb3 Ng4
9.Qxg4 Nxd4 10.Qh4 a5 11.O-O Nxb3 12.axb3 Ra6 13.Rfd1 Bf6 14.Bg5 Bxg5 15.Qxg5 f5
16.e5 Re6 17.f4 Kg7 18.Nb5 h6 19.Qh4 g5 20.fxg5 hxg5 21.Qxg5+ Rg6 22.Qf4 Rg4
23.Qf2 b6 24.Ra4 Rg6 25.Rad4 e6 26.Nd6 Qg5 27.Nxc8 Rxc8 28.Rxd7+ Kh6 29.Qf3 Qh4
30.R7d4 Qh5 31.Qe3+ Kg7 32.Rd7+ Kf8 33.Rd8+ Rxd8 34.Rxd8+ Kg7 35.Qd2 Qg4
36.h3 Qe4 37.Qd7+ Kh6 38.Rh8+ Kg5 39.Qd8+ Kf4 40.Rh4+ Rg4 41.Qd2+  1-0